| 000 | 00608nam a22002057a 4500 | ||
|---|---|---|---|
| 003 | DO-SdBNP | ||
| 005 | 20260306091826.0 | ||
| 007 | ta | ||
| 008 | 230601b1944 dr ||||| |||| 00| 0 spa d | ||
| 040 |
_aDO-SdBNP _bspa _cBNPHU _erda |
||
| 082 | 4 | _222 | |
| 100 | 1 |
_aMieses Burgos, Franklin, _d1907-1976 _91952 |
|
| 245 | 1 | 0 |
_aClima de eternidad / _cFranklin Mieses Burgos |
| 264 | 1 |
_aCiudad Trujillo, República Dominicana : _bLa poesía sorprendida, _c1944. |
|
| 300 |
_a10 páginas : _c31 cm. |
||
| 490 | _aEldesvelado solitario | ||
| 590 | _aInventariado, 2023/BT | ||
| 910 | _aBtavárez | ||
| 942 |
_2ddc _cLF2 |
||
| 999 |
_c53683 _d53683 |
||